| 000 | 00654nam a22001817a 4500 | ||
|---|---|---|---|
| 003 | OSt | ||
| 005 | 20251120092736.0 | ||
| 008 | 251120b |||||||| |||| 00| 0 eng d | ||
| 020 | _a971-685-725-2. | ||
| 040 |
_aDWCL-Main lib. _cOC |
||
| 082 | _aFil. 370 C737 2011 | ||
| 110 | _aLorimar Publishing Incorporated | ||
| 245 |
_aComprehensive LET reviewer based n NCBTS and Table of Specifications (TOS) : _bgeneral education BEEd & BSEd/ _cLorimar Publishing Incorporated |
||
| 260 |
_aQuezon City : _bLorimar Pub. , Inc. , _cc2011 |
||
| 300 |
_a180 p. ; _c25 cm. |
||
| 650 | _aEducation-Examinations,questions,etc. | ||
| 942 |
_2ddc _cBK - FIL _hFil. _n0 |
||
| 999 |
_c5846 _d5846 |
||